| 000 | 00550nam a2200181Ia 4500 | ||
|---|---|---|---|
| 005 | 20250508163846.0 | ||
| 008 | 008 250505s9999 xx 000 0 eng d | ||
| 037 | _aTextual | ||
| 040 |
_aFEDL _beng _cFEDL |
||
| 041 |
_aeng _2eng |
||
| 084 |
_a376, KUL _qFEDL |
||
| 100 |
_aKulshreshtha Indira _9429113 |
||
| 245 | 0 | _aEducation of women from socially backward communities | |
| 260 |
_aNew Delhi, India _bVikas Publishing House Private Limited _c1998 |
||
| 300 | _axiv,156p. | ||
| 942 |
_cTEXL _h376, KUL |
||
| 999 |
_c1385642 _d1385642 |
||